<?xml version="1.0" encoding="UTF-8"?>
<record
    xmlns:xsi="http://www.w3.org/2001/XMLSchema-instance"
    xsi:schemaLocation="http://www.loc.gov/MARC21/slim http://www.loc.gov/standards/marcxml/schema/MARC21slim.xsd"
    xmlns="http://www.loc.gov/MARC21/slim">

  <leader>01208nam a22002897a 4500</leader>
  <controlfield tag="001">BRCA_9391</controlfield>
  <controlfield tag="003">FranzMayer</controlfield>
  <controlfield tag="005">20230918124636.0</controlfield>
  <controlfield tag="008">230901b        |||||||| |||| 00| 0 eng d</controlfield>
  <datafield tag="020" ind1=" " ind2=" ">
    <subfield code="a">9786074501605</subfield>
  </datafield>
  <datafield tag="040" ind1=" " ind2=" ">
    <subfield code="a">MFM</subfield>
    <subfield code="b">ESPA&#xD1;OL</subfield>
    <subfield code="c">MFM</subfield>
  </datafield>
  <datafield tag="050" ind1=" " ind2="0">
    <subfield code="a">D247.P34</subfield>
    <subfield code="b">F35 2009</subfield>
  </datafield>
  <datafield tag="100" ind1="1" ind2=" ">
    <subfield code="4">Autor</subfield>
    <subfield code="a">Falck Reyes, Melba</subfield>
    <subfield code="9">29483</subfield>
  </datafield>
  <datafield tag="240" ind1=" " ind2=" ">
    <subfield code="a">El japon&#xE9;s que conquist&#xF3; Guadalajara</subfield>
    <subfield code="h">La historia de Juan de P&#xE1;ez en la Guadalajara del siglo XVII</subfield>
    <subfield code="l">Espa&#xF1;ol</subfield>
  </datafield>
  <datafield tag="245" ind1="0" ind2=" ">
    <subfield code="a">El japon&#xE9;s que conquist&#xF3; Guadalajara</subfield>
    <subfield code="b">La historia de Juan de P&#xE1;ez en la Guadalajara del siglo XVII</subfield>
  </datafield>
  <datafield tag="260" ind1=" " ind2=" ">
    <subfield code="a">Jalisco, M&#xE9;xico</subfield>
    <subfield code="b">Universidad de Guadalajara</subfield>
    <subfield code="c">2009</subfield>
  </datafield>
  <datafield tag="300" ind1=" " ind2=" ">
    <subfield code="a">178 p</subfield>
    <subfield code="b">Ilustraciones a color</subfield>
    <subfield code="c">25 cm</subfield>
  </datafield>
  <datafield tag="500" ind1=" " ind2=" ">
    <subfield code="a">Anexo 1</subfield>
  </datafield>
  <datafield tag="500" ind1=" " ind2=" ">
    <subfield code="a">Contiene una tarjeta engrapada en la primera p&#xE1;gina</subfield>
  </datafield>
  <datafield tag="505" ind1=" " ind2=" ">
    <subfield code="a">Texto en: espa&#xF1;olIncluye indice tem&#xE1;ticoIncluye bibliograf&#xED;aDirigido a: historiadores</subfield>
  </datafield>
  <datafield tag="650" ind1="1" ind2=" ">
    <subfield code="2">Historia moderna</subfield>
    <subfield code="a">Siglo XVII</subfield>
    <subfield code="v">El nuevo mundo</subfield>
    <subfield code="9">29484</subfield>
  </datafield>
  <datafield tag="651" ind1="2" ind2=" ">
    <subfield code="2">Nueva Espa&#xF1;a</subfield>
    <subfield code="a">Guadalajara </subfield>
    <subfield code="v">JUan de P&#xE1;ez</subfield>
    <subfield code="9">29485</subfield>
  </datafield>
  <datafield tag="700" ind1="1" ind2=" ">
    <subfield code="4">Autor</subfield>
    <subfield code="a">Palacios, H&#xE9;ctor</subfield>
    <subfield code="9">29486</subfield>
  </datafield>
  <datafield tag="700" ind1="1" ind2=" ">
    <subfield code="4">Dis.</subfield>
    <subfield code="a">Segovia Gonz&#xE1;lez, Ver&#xF3;nica</subfield>
    <subfield code="9">29487</subfield>
  </datafield>
  <datafield tag="700" ind1="1" ind2=" ">
    <subfield code="4">Fot</subfield>
    <subfield code="a">Medina, Erandi</subfield>
    <subfield code="9">29488</subfield>
  </datafield>
  <datafield tag="942" ind1=" " ind2=" ">
    <subfield code="2">lcc</subfield>
    <subfield code="c">B</subfield>
  </datafield>
  <datafield tag="999" ind1=" " ind2=" ">
    <subfield code="c">11013</subfield>
    <subfield code="d">11013</subfield>
  </datafield>
  <datafield tag="952" ind1=" " ind2=" ">
    <subfield code="0">0</subfield>
    <subfield code="1">0</subfield>
    <subfield code="2">lcc</subfield>
    <subfield code="4">0</subfield>
    <subfield code="7">0</subfield>
    <subfield code="8">FCON</subfield>
    <subfield code="a">BRCA</subfield>
    <subfield code="b">BRCA</subfield>
    <subfield code="d">2023-09-01</subfield>
    <subfield code="l">0</subfield>
    <subfield code="o">D247.P34 F35 2009</subfield>
    <subfield code="p">CONT10160</subfield>
    <subfield code="r">2023-09-01 00:00:00</subfield>
    <subfield code="w">2023-09-01</subfield>
    <subfield code="y">B</subfield>
  </datafield>
</record>
